[Event "QA-ANNIV-07"]
[Site "http://www.queenalice.com/game.php?id=950746"]
[Date "2011.6.16"]
[Round "1"]
[White "kumite"]
[Black "TriGuy"]
[Result "0-1"]
[WhiteElo "1520"]
[BlackElo "2276"]

1. g3 d5 2. Bg2 Nf6 3. a4 e5 4. a5 Nc6 5. b3 Bc5 6. c4 Nb4 7. Ba3 dxc4 8. bxc4
Qd4 9. e3 Qxa1 10. Ne2 Nd3+ 11. Kf1 Bxa3 12. Nec3 Bb4 13. Qb3 Qxa5 14. c5 Nxc5
15. Qc4 Be6 16. Qh4 Bxc3 17. Nxc3 Qa1+ 18. Ke2 Qa6+ 19. Ke1 Nd3+ 20. Kf1 Nf4+
21. Kg1 Nxg2 22. Qh3 Bxh3 23. Ne4 Qa1# 0-1

[Event "AUTO-OPEN-2265"]
[Site "http://www.queenalice.com/game.php?id=952779"]
[Date "2011.6.22"]
[Round "2"]
[White "talounet"]
[Black "TriGuy"]
[Result "0-1"]
[WhiteElo "2182"]
[BlackElo "2304"]

1. d4 Nf6 2. Nf3 d5 3. Bf4 c5 4. c3 Nc6 5. e3 Qb6 6. Qb3 c4 7. Qxb6 axb6 8. Nbd2
b5 9. Be2 b4 10. O-O e6 11. Bg5 Be7 12. Bxf6 Bxf6 13. e4 bxc3 14. bxc3 b5 15.
Rfb1 b4 16. e5 Be7 17. cxb4 Nxb4 18. Rc1 Rxa2 19. Rxa2 Nxa2 20. Ra1 Nc3 21. Bf1
O-O 22. Ra7 Bb4 23. g3 Nb5 24. Ra1 Bxd2 25. Nxd2 Nxd4 26. Nxc4 dxc4 27. Bxc4
Nf3+ 0-1

[Event "AUTO-OPEN-2265"]
[Site "http://www.queenalice.com/game.php?id=952780"]
[Date "2011.6.22"]
[Round "2"]
[White "TriGuy"]
[Black "talounet"]
[Result "1-0"]
[WhiteElo "2297"]
[BlackElo "2210"]

1. b3 d5 2. Bb2 Nf6 3. Nf3 e6 4. e3 c5 5. c4 Nc6 6. cxd5 exd5 7. Bb5 Be7 8. Ne5
Bd7 9. Nxd7 Qxd7 10. O-O O-O 11. Nc3 a6 12. Bxc6 Qxc6 13. Rc1 Qd7 14. Na4 Qd6
15. Nxc5 b5 16. a3 Rac8 17. b4 Qb6 18. Bxf6 Bxf6 19. Nd7 1-0

[Event "AUTO-MASTER-1400"]
[Site "http://www.queenalice.com/game.php?id=957093"]
[Date "2011.7.5"]
[Round "2"]
[White "TriGuy"]
[Black "MarTraM"]
[Result "1/2-1/2"]
[WhiteElo "2318"]
[BlackElo "2265"]

1. b3 d5 2. Bb2 e6 3. e3 Nf6 4. f4 Bd6 5. Nf3 O-O 6. Bd3 c5 7. O-O b6 8. Nc3 Nc6
9. Nb5 Be7 10. c4 a6 11. Nc3 dxc4 12. Bxc4 Bb7 13. Rc1 Qc7 14. Qc2 Nb4 15. Qb1
Rfd8 16. a3 Nc6 17. Ne2 Qd7 18. Ng3 Na5 19. Rfd1 Bxf3 20. gxf3 b5 21. Bc3 Nxc4
22. bxc4 bxc4 23. Bxf6 Bxf6 24. Rxc4 Rab8 25. Qc2 Rb2 26. Qc1 Qb7 27. Ne4 Be7
28. Rc2 Rxc2 29. Qxc2 Qd5 30. Kf2 Qh5 31. Kg2 Qg6+ 32. Kf2 Qh5 33. Kg2 Qd5 34.
Rc1 c4 35. Qxc4 Bxa3 36. Rc2 Qxc4 37. Rxc4 a5 38. d4 Rb8 39. Nc5 Rb2+ 40. Kg3 g6
41. Nd3 Rb3 42. Nc5 Rb1 43. Rc2 Bb4 44. Ra2 Rc1 45. Nb3 Rc3 46. Nxa5 Rxe3 47.
Nc6 Ba3 48. Rc2 Rd3 49. Ra2 Rc3 50. Ne5 Kg7 51. Nd7 h5 52. h4 Bb4 53. Ra7 Ra3
54. Rb7 Be1+ 55. Kg2 Ra8 56. Kh3 Ba5 57. Ne5 Rf8 58. Ra7 Bd8 59. Rd7 Bf6 60. d5
exd5 61. Rxd5 Rd8 62. Rb5 Re8 63. Ra5 Re7 64. Rd5 Ra7 65. Rb5 Rc7 66. Rd5 Be7
67. Rb5 f6 68. Nd3 Rc3 69. Rd5 Rc4 70. f5 g5 71. hxg5 fxg5 72. Ne5 Rc2 73. Nd7
Rb2 74. Ne5 Re2 75. Kg3 Rc2 76. f4 g4 77. Rd3 Rc1 78. Re3 Bb4 79. f6+ Kxf6 80.
Nxg4+ hxg4 81. Kxg4 Bd6 82. Rh3 Rc4 83. Rf3 Rd4 1/2-1/2

[Event "AUTO-MASTER-1400"]
[Site "http://www.queenalice.com/game.php?id=957094"]
[Date "2011.7.5"]
[Round "2"]
[White "MarTraM"]
[Black "TriGuy"]
[Result "1/2-1/2"]
[WhiteElo "2257"]
[BlackElo "2305"]

1. d4 Nf6 2. c4 c6 3. Nf3 d5 4. Nc3 e6 5. Bg5 Nbd7 6. e4 Qa5 7. exd5 cxd5 8. Bd2
Bb4 9. cxd5 Nxd5 10. a3 Be7 11. Bc4 Nxc3 12. Bxc3 Qc7 13. Bd3 O-O 14. Rc1 Nf6
15. O-O Nd5 16. Bb4 Qb6 17. Bxe7 Nxe7 18. Qc2 g6 19. Rfe1 Nd5 20. Bc4 Nf6 21.
Qd2 Bd7 22. Re3 Bc6 23. Rb3 Qd8 24. Ne5 Bd5 25. Bxd5 Qxd5 26. Qb4 Rac8 27. Rbc3
Rxc3 28. bxc3 b6 29. Re1 Nd7 30. Ng4 Kg7 31. Ne3 Qc6 32. c4 Nf6 33. Rd1 Rc8 34.
d5 exd5 35. cxd5 Qc5 36. Qxc5 Rxc5 37. d6 Nd7 38. Nd5 Rc6 39. Nc7 Rc3 40. Nb5
Rc5 41. Nxa7 Ra5 42. Nc6 Rxa3 43. f4 Kf6 44. Kf2 Ra8 1/2-1/2

[Event "AUTO-MASTER-1400"]
[Site "http://www.queenalice.com/game.php?id=957095"]
[Date "2011.7.5"]
[Round "2"]
[White "TriGuy"]
[Black "capito"]
[Result "1/2-1/2"]
[WhiteElo "2316"]
[BlackElo "2214"]

1. b3 e5 2. Bb2 Nc6 3. e3 Bb4 4. Bb5 d6 5. a3 Ba5 6. Nf3 Bd7 7. O-O Nf6 8. Nc3
O-O 9. d4 exd4 10. exd4 Bxc3 11. Bxc3 Re8 12. Re1 Rxe1+ 13. Qxe1 Bf5 14. Qd2 Ne4
15. Qf4 Qf6 16. Bb2 Ne7 17. Bd3 Nd5 18. Qc1 Bg6 19. Qe1 Ng5 20. Nxg5 Qxg5 21.
Bxg6 Qxg6 22. Rc1 Nf4 23. g3 Kf8 24. Qd2 Nh3+ 25. Kg2 Ng5 26. Re1 c6 27. h4 Ne6
28. c4 Re8 29. Kh2 a6 30. d5 Nc5 31. Rxe8+ Kxe8 32. dxc6 bxc6 33. b4 Ne4 34. Qc2
f6 35. Bd4 Kf7 36. Qa4 Qf5 37. Qxc6 Nxf2 38. Bxf2 Qxf2+ 1/2-1/2

[Event "AUTO-OPEN-2253"]
[Site "http://www.queenalice.com/game.php?id=964964"]
[Date "2011.7.26"]
[Round "2"]
[White "TriGuy"]
[Black "rotwein"]
[Result "1-0"]
[WhiteElo "2314"]
[BlackElo "2039"]

1. b3 d6 2. Bb2 e5 3. e3 Nf6 4. Nf3 Be7 5. d4 exd4 6. Nxd4 O-O 7. Bd3 Nc6 8.
Nxc6 bxc6 9. O-O Bg4 10. f3 Bh5 11. Nc3 Re8 12. Ne2 Bg6 13. Nd4 Qd7 14. Re1 Bf8
15. e4 a5 16. a4 Nh5 17. Qd2 Nf6 18. Bc3 h6 19. Bxa5 1-0

[Event "AUTO-OPEN-2253"]
[Site "http://www.queenalice.com/game.php?id=964965"]
[Date "2011.7.26"]
[Round "2"]
[White "rotwein"]
[Black "TriGuy"]
[Result "0-1"]
[WhiteElo "2124"]
[BlackElo "2297"]

1. d4 Nf6 2. g3 d5 3. Bg2 c6 4. Nf3 Bf5 5. O-O e6 6. b3 Nbd7 7. Bb2 a5 8. Nh4
Be4 9. f3 Bg6 10. Nxg6 hxg6 11. e4 dxe4 12. fxe4 e5 13. dxe5 Bc5+ 14. Kh1 Nh5
15. Qf3 Qg5 16. g4 Nxe5 17. Bxe5 Qxe5 18. Qxf7+ Kd8 19. gxh5 Bd6 0-1

[Event "QA-ANNIV-06"]
[Site "http://www.queenalice.com/game.php?id=967015"]
[Date "2011.7.31"]
[Round "5"]
[White "TriGuy"]
[Black "Rafvanmar"]
[Result "0-1"]
[WhiteElo "2306"]
[BlackElo "2415"]

1. b3 d5 2. Bb2 Nf6 3. e3 c5 4. Nf3 e6 5. d4 cxd4 6. exd4 Nc6 7. Bd3 Bd6 8. O-O
O-O 9. a3 Qc7 10. Re1 a6 11. Nbd2 b5 12. g3 b4 13. axb4 Nxb4 14. Ne5 Bb7 15.
Ndf3 a5 16. c4 Nxd3 17. Qxd3 dxc4 18. bxc4 Rfd8 19. Rad1 Rac8 20. Ba3 Bxe5 21.
Nxe5 Nd7 22. Nxd7 Rxd7 23. Bc5 Qc6 24. f3 Qxf3 25. Qxf3 Bxf3 26. Ra1 Ra8 27. Kf2
Bc6 28. d5 exd5 29. Rxa5 Rc8 30. cxd5 Rxd5 31. Bb4 Rd4 32. Rc1 Rxb4 33. Rxc6
Rb2+ 34. Kf3 Rcb8 35. Rac5 R8b3+ 36. Rc3 h5 37. h3 Kh7 38. Kf4 f6 39. h4 Rf2+
40. Ke4 Rbb2 41. Rd3 f5+ 42. Ke5 f4 43. Rc5 Rbe2+ 44. Kd4 g6 45. Ra3 Re7 46. Rc6
Rf7 47. Rac3 Kh6 48. Ke4 Re7+ 49. Kd5 Rd2+ 50. Kc5 Re4 51. Rf6 fxg3 52. Rxg3 Rg4
0-1

[Event "Challenge"]
[Site "http://www.queenalice.com/game.php?id=985536"]
[Date "2011.9.15"]
[Round "-"]
[White "TriGuy"]
[Black "AliceLachmann00"]
[Result "1-0"]
[WhiteElo "2304"]
[BlackElo "1111"]

1. b3 d5 2. Bb2 Nc6 3. e3 e5 4. Nf3 e4 5. Nd4 Nxd4 6. Bxd4 Nf6 7. c4 c6 8. Nc3
Bb4 9. cxd5 cxd5 10. Bb5+ Bd7 11. Bxd7+ Qxd7 12. O-O Qe6 13. Rc1 O-O 14. Bxf6
gxf6 15. Ne2 Bd6 16. Nd4 Qe5 17. Qg4+ Kh8 18. f4 Qe7 19. Nf5 Rg8 20. Qxg8+ Kxg8
21. Nxe7+ Bxe7 22. Rc7 Bb4 23. Rd1 b5 24. Kf2 Kg7 25. d3 Kg6 26. dxe4 dxe4 27.
Rd4 Ba5 28. Rc6 Re8 29. Rd5 Re6 30. f5+ 1-0

[Event "AUTO-ELITE-895"]
[Site "http://www.queenalice.com/game.php?id=1019914"]
[Date "2012.1.30"]
[Round "1"]
[White "amarkin"]
[Black "TriGuy"]
[Result "1-0"]
[WhiteElo "2507"]
[BlackElo "2344"]

1. e4 c6 2. d4 d5 3. e5 Bf5 4. h4 h5 5. c4 e6 6. Nc3 Ne7 7. Nf3 Nd7 8. cxd5 Nxd5
9. Nxd5 cxd5 10. Qb3 Be7 11. Qxb7 Rb8 12. Qxa7 O-O 13. a3 Nb6 14. Qa5 Ra8 15.
Qc3 Rc8 16. Qe3 Qc7 17. Bd2 Qc2 18. b4 Nc4 19. Bxc4 Qxc4 20. Ng1 Qa6 21. Ne2 Rc2
22. Qb3 Rb8 23. Rc1 Rxc1+ 24. Bxc1 Rc8 25. b5 Qa5+ 26. Bd2 Qxa3 27. Qxa3 Bxa3
28. Ng3 Bg6 29. Rh3 Be7 30. Ne2 Rb8 31. Rb3 Bc2 32. Rb2 Bd3 33. b6 Bd8 34. Ba5
Bc4 35. Nc3 Bxh4 36. Na4 Bd8 37. Nc5 Kh7 38. Nd7 Ra8 39. b7 Bxa5+ 40. Kd1 Rd8
41. b8=Q Rxb8 42. Rxb8 Bc3 43. Nf8+ Kh6 44. Rb7 Bxd4 45. Rxf7 Bxe5 46. Nxe6 Kg6
47. Rf8 Bd6 48. Rh8 Be5 49. Kd2 Kf5 50. Nc5 Kg4 51. Nd3 1-0

[Event "AUTO-ELITE-895"]
[Site "http://www.queenalice.com/game.php?id=1019915"]
[Date "2012.1.30"]
[Round "1"]
[White "TriGuy"]
[Black "amarkin"]
[Result "1/2-1/2"]
[WhiteElo "2338"]
[BlackElo "2527"]

1. b3 e5 2. Bb2 Nc6 3. e3 Nf6 4. Bb5 e4 5. Ne2 Be7 6. O-O O-O 7. Nf4 a6 8. Bxc6
dxc6 9. d3 g5 10. Ne2 Bf5 11. d4 Qd7 12. c4 Rfd8 13. Nd2 Bg6 14. Qc2 c5 15. Rad1
cxd4 16. Bxd4 Qg4 17. Rfe1 c5 18. Bb2 Rd3 19. Nb1 Rad8 20. Bxf6 Bxf6 21. Nbc3
Be5 22. Nd5 Kg7 23. Ng3 b5 24. f3 Rxd1 25. fxg4 Rxe1+ 26. Kf2 Ra1 27. Nf5+ Bxf5
28. gxf5 f6 29. Qxe4 Rxa2+ 30. Kf3 h5 31. h3 Rd2 32. Nc7 Bxc7 33. Qe7+ Kg8 34.
Qxc7 bxc4 35. bxc4 Re8 36. Qxc5 Rd3 37. Qa7 a5 38. Kf2 Re5 39. Qb8+ Kf7 40. Qb7+
Kg8 41. Qb8+ 1/2-1/2

[Event "AUTO-ELITE-895"]
[Site "http://www.queenalice.com/game.php?id=1019920"]
[Date "2012.1.30"]
[Round "1"]
[White "TriGuy"]
[Black "Cuxtal"]
[Result "1/2-1/2"]
[WhiteElo "2317"]
[BlackElo "2542"]

1. b3 e5 2. Bb2 Nc6 3. e3 a6 4. c4 Nf6 5. a3 d5 6. cxd5 Qxd5 7. Nc3 Qe6 8. Bc4
Qf5 9. Nge2 Na5 10. Ng3 Qg6 11. O-O Nxc4 12. bxc4 Bd6 13. Nce2 Ne4 14. d4 exd4
15. Qxd4 Nxg3 16. hxg3 O-O 17. c5 Be7 18. Nf4 Qg5 19. Nd5 Bd8 20. Qe5 Qxe5 21.
Bxe5 c6 22. Nb6 Bxb6 23. cxb6 Be6 24. Bc7 f5 25. Rfd1 Rf7 26. Rd2 Rd7 27. Rad1
Rf7 28. Rd6 Re8 29. Rd8 Rxd8 30. Rxd8+ Rf8 31. Rd6 Kf7 32. f3 c5 33. Kf2 Re8 34.
Rd2 h5 35. a4 Re7 36. a5 Rd7 37. Rxd7+ 1/2-1/2

[Event "AUTO-ELITE-895"]
[Site "http://www.queenalice.com/game.php?id=1019921"]
[Date "2012.1.30"]
[Round "1"]
[White "Cuxtal"]
[Black "TriGuy"]
[Result "1/2-1/2"]
[WhiteElo "2547"]
[BlackElo "2324"]

1. d4 f5 2. e4 fxe4 3. Nc3 Nf6 4. f3 d5 5. fxe4 dxe4 6. Bg5 Bf5 7. Nge2 e6 8.
Ng3 Be7 9. Bb5+ c6 10. Bc4 Nbd7 11. O-O Nb6 12. Bb3 Qd7 13. Qe1 O-O-O 14. Rd1
Nbd5 15. Bxf6 gxf6 16. Nxf5 exf5 17. Nxd5 cxd5 18. Qc3+ Kb8 19. Qh3 Rhg8 20.
Rxf5 Rg5 21. Rdf1 h6 22. Bxd5 e3 23. Rxg5 Qxh3 24. gxh3 fxg5 25. Rf5 Bd6 26. Kf1
Rf8 27. Rxf8+ Bxf8 28. Ke2 Bd6 29. Kxe3 Kc7 30. Bf3 Bxh2 31. c4 a5 32. Ke4 b6
33. Kd5 Bg1 34. a3 Be3 35. b4 axb4 36. axb4 Bd2 37. b5 Bc3 38. c5 Bb4 39. c6 Bc3
40. Ke4 Kd6 41. d5 Kc7 42. Kf5 Bd2 43. Kg4 Kd6 44. Bg2 Kc7 45. Kh5 Kd6 46. Kxh6
g4+ 47. Kg6 gxh3 48. Bxh3 Bf4 49. Kf5 Bh2 50. Bg2 1/2-1/2

[Event "AUTO-ELITE-899"]
[Site "http://www.queenalice.com/game.php?id=1020969"]
[Date "2012.1.30"]
[Round "1"]
[White "muttleychess"]
[Black "TriGuy"]
[Result "1-0"]
[WhiteElo "2228"]
[BlackElo "2337"]

1. Nf3 d5 2. d4 Nf6 3. g3 c6 4. Bg2 Bg4 5. O-O e6 6. c4 Nbd7 7. cxd5 cxd5 8. Nc3
Be7 9. Bg5 O-O 10. h3 Bh5 11. Rc1 h6 12. Be3 Rc8 13. Kh2 a6 14. Qb3 b5 15. a4 b4
16. Na2 a5 17. Rxc8 Qxc8 18. Rc1 Qb7 19. Nc3 Rc8 20. Nb5 Rxc1 21. Bxc1 Ne4 22.
Be3 Qc6 23. Ne5 Nxe5 24. dxe5 Bg6 25. Bd4 1-0

[Event "AUTO-ELITE-899"]
[Site "http://www.queenalice.com/game.php?id=1020970"]
[Date "2012.1.30"]
[Round "1"]
[White "TriGuy"]
[Black "muttleychess"]
[Result "0-1"]
[WhiteElo "2322"]
[BlackElo "2243"]

1. b3 e5 2. Bb2 d6 3. e3 Nf6 4. c4 g6 5. Nf3 Bg7 6. d4 exd4 7. Nxd4 O-O 8. Be2
Nbd7 9. O-O Re8 10. Nc3 Nc5 11. Bf3 a5 12. h3 c6 13. Qc2 Qc7 14. Rad1 Nfd7 15.
Qd2 Nf8 16. Rfe1 Be5 17. Be2 Nfe6 18. Nf3 Bg7 19. Qxd6 Qxd6 20. Rxd6 Bxc3 21.
Bxc3 Ne4 22. Rd3 N6c5 23. Bd4 Nxd3 24. Bxd3 Bf5 25. Nh4 Rad8 0-1

[Event "AUTO-ELITE-899"]
[Site "http://www.queenalice.com/game.php?id=1020977"]
[Date "2012.1.30"]
[Round "1"]
[White "TriGuy"]
[Black "RenverKestak"]
[Result "1/2-1/2"]
[WhiteElo "2331"]
[BlackElo "2573"]

1. b3 d5 2. Bb2 Nf6 3. e3 Bf5 4. Nf3 h6 5. c4 e6 6. Nc3 Nc6 7. cxd5 exd5 8. Bb5
Bd6 9. Nd4 Bd7 10. Nxc6 bxc6 11. Bd3 O-O 12. O-O Rb8 13. Qc2 c5 14. f4 a5 15.
Rac1 Re8 16. Rf3 Qe7 17. Ne2 a4 18. Ng3 Rb6 19. Bf5 axb3 20. axb3 Be6 21. Bxe6
Qxe6 22. h3 Ra8 23. Bxf6 Qxf6 24. e4 dxe4 25. Nxe4 Qd4+ 26. Kh2 Rb4 27. Nxd6
cxd6 28. Re1 Rab8 29. Ree3 Qd5 30. g4 Rf8 31. Rd3 Qe4 32. Qc3 Qe2+ 33. Kg1 Rfb8
34. Rf2 Qe4 35. Kh2 Qe1 36. Kg2 Qe4+ 37. Kh2 Qe1 38. Kg2 Re8 39. Rf1 Qe4+ 40.
Rff3 Qc6 41. Kg3 Re1 42. Rde3 Rb1 43. Kf2 Rd4 44. Kg3 Rg1+ 45. Kf2 Rh1 46. Kg3
Rg1+ 1/2-1/2

[Event "AUTO-ELITE-899"]
[Site "http://www.queenalice.com/game.php?id=1020978"]
[Date "2012.1.30"]
[Round "1"]
[White "RenverKestak"]
[Black "TriGuy"]
[Result "1-0"]
[WhiteElo "2555"]
[BlackElo "2322"]

1. d4 f5 2. e4 fxe4 3. Nc3 Nf6 4. Bg5 Nc6 5. d5 Ne5 6. Qd4 Nf7 7. Nh3 c6 8.
O-O-O Nxg5 9. Nxg5 Qb6 10. Ngxe4 Qxd4 11. Rxd4 e5 12. Rd3 Bb4 13. d6 b6 14. Rg3
Bxc3 15. Nxc3 g6 16. Re3 Ng4 17. Re4 Nxf2 18. Rxe5+ Kd8 19. Rg1 Ng4 20. Re7 Nf6
21. Rf7 Ne8 22. Ne4 1-0